Sobre la confianza /

Guardado en:
Bibliografiske detaljer
Hovedforfatter: Pereda, Carlos (autor)
Format: Bog
Sprog:spansk
Udgivet: Barcelona, España : Herder, 2009, c2009
Serier:(Pensamiento Herder)
Fag:
Tags: Tilføj Tag
Ingen Tags, Vær først til at tagge denne postø!

MARC

LEADER 00000nam^a2200000^a^4500
001 000399383
005 20250521000000.0
009 20260310121550.59
020 |a 978-84-254-2652-0 
037 |a Acervo ITESO - Biblioteca 
041 |a ESP 
082 |a 179. 9  |b PER 
100 |a Pereda, Carlos  |e (autor) 
245 1 0 |a Sobre la confianza /  |c C. Pereda. 
264 4 |a Barcelona, España :  |b Herder,  |c 2009, c2009 
300 |a 285 p. 
336 |a texto  |b txt  |2 rdacontenido 
337 |a sin mediación  |b n  |2 rdamedio 
338 |a volumen  |b nc  |2 rdasoporte 
440 1 |a (Pensamiento Herder) 
521 |a FIL 2017 EEnlace Departamento de Formación Humana 
649 |a XX 
650 |a Argumentación 
650 |a Traición 
650 |a Confianza -  |x Tema Principal 
650 |a Autonomía Personal 
650 |a Comunicación Personal 
650 |a Habilidades Sociales 
650 |a Virtudes 
650 |a Valores 
650 |a Axiología 
650 |a Psicología Social 
650 |a Etica 
650 |a Filosofía 
910 |a Fondo General 
920 |a Impresos - Libros 
930 |a Colección General 
905 |a 101 
901 |a 0500294567  |b IT1  |c ACC  |i c158073  |u 20250521 
902 |a https://opac.biblio.iteso.mx/vufind/Record/000399383